Normal view
MARC view
- رضوان، محمد السيد/ م مشارك عبدالله قاسم الفخري
Entry Personal Name
001 - CONTROL NUMBER
- control field: 37528
003 - CONTROL NUMBER IDENTIFIER
- control field: JO-AjAnu
005 - DATE AND TIME OF LATEST TRANSACTION
- control field: 20230606080246.0
008 - FIXED-LENGTH DATA ELEMENTS
- fixed length control field: 230606|| aca||aabn | a|a d
040 ## - CATALOGING SOURCE
- Original cataloging agency: JO-AjAnu
- Transcribing agency: JO-AjAnu
100 ## - HEADING--PERSONAL NAME
- Personal name: رضوان، محمد السيد/ م مشارك عبدالله قاسم الفخري
670 ## - SOURCE DATA FOUND
- Source citation: Work cat.: (JO-AjAnu)19256: رضوان، محمد السيد/ م مشارك عبدالله قاسم الفخري, author, محاصيل العلف والمراعي ج1 مبادئ رعاية المراعي الطبيعية